Catalog

Record Details

Catalog Search



Lost in the blizzard #5 / by Grace Gilmore ; ... Read More

Gilmore, Grace,(author.).
Brown, Petra,(illustrator.).

Available copies

  • 1 of 1 copy available at LARL/NWRL Consortium.

Current holds

0 current holds with 1 total copy.

Show Only Available Copies
Location Call Number / Copy Notes Barcode Shelving Location Status Due Date
Greenbush Public Library j GIL (Text) 35500005723489 Main Available -

Record details

  • ISBN: 9781481447508 (hardback)
  • ISBN: 9781481447492 (pbk)
  • Physical Description: pages cm.
  • Edition: First Little Simon paperback edition.
  • Publisher: New York : Little Simon, 2015.

Content descriptions

Summary, etc.:
"When a storm hits Maple Ridge, Logan ventures out ... Read More
Subject: Blizzards > Fiction.
Rescues > Fiction.
JUVENILE FICTION / Readers / Chapter Books.
JUVENILE FICTION / Action & Adventure / Survival Stories.
JUVENILE FICTION / Lifestyles / Country Life.
LDR 01734cam a22004458i 4500
001196276
003LARL_NWRL_CONSORTIUM
00520151210222946.0
008151207s2015 nyu b 000 1 eng
035 . ‡a(DLC)18886075
035 . ‡a(DLC)2015035407
020 . ‡a9781481447508 (hardback)
020 . ‡a9781481447492 (pbk)
020 . ‡z9781481447515 (ebook)
042 . ‡alcac ‡apcc
08200. ‡a[Fic] ‡223
084 . ‡aJUV045000 ‡aJUV001010 ‡aJUV024000 ‡2bisacsh
1001 . ‡aGilmore, Grace, ‡eauthor.
24510. ‡aLost in the blizzard ‡n#5 / ‡cby Grace Gilmore ; illustrated by Petra Brown.
250 . ‡aFirst Little Simon paperback edition.
264 1. ‡aNew York : ‡bLittle Simon, ‡c2015.
300 . ‡apages cm.
336 . ‡atext ‡btxt ‡2rdacontent
337 . ‡aunmediated ‡bn ‡2rdamedia
338 . ‡avolume ‡bnc ‡2rdacarrier
4900 . ‡aTales from Maple Ridge ; ‡v5
520 . ‡a"When a storm hits Maple Ridge, Logan ventures out in the blizzard to rescue his brother Drew"-- ‡cProvided by publisher.
650 1. ‡aBlizzards ‡vFiction. ‡0(LARL_NWRL_CONSORTIUM)168964
650 1. ‡aRescues ‡vFiction. ‡0(LARL_NWRL_CONSORTIUM)174659
650 7. ‡aJUVENILE FICTION / Readers / Chapter Books. ‡2bisacsh
650 7. ‡aJUVENILE FICTION / Action & Adventure / Survival Stories. ‡2bisacsh
650 7. ‡aJUVENILE FICTION / Lifestyles / Country Life. ‡2bisacsh
7001 . ‡aBrown, Petra, ‡eillustrator. ‡0(LARL_NWRL_CONSORTIUM)211571
901 . ‡a196276 ‡b ‡c196276 ‡tbiblio

Additional Resources